What Goes Around Comes Around (Record no. 353191)
[ view plain ]
| 000 -LEADER | |
|---|---|
| fixed length control field | 00456nam a2200133Ia 4500 |
| 008 - FIXED-LENGTH DATA ELEMENTS--GENERAL INFORMATION | |
| fixed length control field | 171212s9999 xx 000 0 und d |
| 020 ## - INTERNATIONAL STANDARD BOOK NUMBER | |
| International Standard Book Number | 9780874215922 |
| 100 ## - MAIN ENTRY--PERSONAL NAME | |
| Personal name | Lau, Kimberly |
| 245 ## - TITLE STATEMENT | |
| Statement of responsibility, etc | Lau, Kimberlyeditor Tokofsky, Peter;Winick, Stephen |
| Title | What Goes Around Comes Around |
| 260 ## - PUBLICATION, DISTRIBUTION, ETC. (IMPRINT) | |
| Name of publisher, distributor, etc | University Press of Colorado |
| Date of publication, distribution, etc | 2004 |
| 650 ## - SUBJECT ADDED ENTRY--TOPICAL TERM | |
| Topical term or geographic name as entry element | Anthropology |
| 650 ## - SUBJECT ADDED ENTRY--TOPICAL TERM | |
| Topical term or geographic name as entry element | Proverbs -- History and criticism |
| 856 ## - ELECTRONIC LOCATION AND ACCESS | |
| Uniform Resource Identifier | <a href="www.jstor.org/stable/10.2307/j.ctt4cgmtx">www.jstor.org/stable/10.2307/j.ctt4cgmtx</a> |
| Withdrawn status | Lost status | Damaged status | Home library | Current library | Date acquired | Total Checkouts | Full call number | Date last seen | Price effective from | Koha item type |
|---|---|---|---|---|---|---|---|---|---|---|
| College Library | College Library | 12/12/2017 | PN6401.W48 2004 | 12/12/2017 | 12/12/2017 | Curriculum - Based eBooks |